<?xml version="1.0" encoding="UTF-8"?><?xml-stylesheet type="text/xsl" href="static/style.xsl"?><OAI-PMH xmlns="http://www.openarchives.org/OAI/2.0/" xmlns:xsi="http://www.w3.org/2001/XMLSchema-instance" xsi:schemaLocation="http://www.openarchives.org/OAI/2.0/ http://www.openarchives.org/OAI/2.0/OAI-PMH.xsd"><responseDate>2026-04-17T04:20:58Z</responseDate><request verb="GetRecord" identifier="oai:www.recercat.cat:2117/393495" metadataPrefix="marc">https://recercat.cat/oai/request</request><GetRecord><record><header><identifier>oai:recercat.cat:2117/393495</identifier><datestamp>2026-01-14T08:40:36Z</datestamp><setSpec>com_2072_1033</setSpec><setSpec>col_2072_452950</setSpec></header><metadata><record xmlns="http://www.loc.gov/MARC21/slim" xmlns:dcterms="http://purl.org/dc/terms/" xmlns:xsi="http://www.w3.org/2001/XMLSchema-instance" xmlns:doc="http://www.lyncode.com/xoai" xsi:schemaLocation="http://www.loc.gov/MARC21/slim http://www.loc.gov/standards/marcxml/schema/MARC21slim.xsd">
   <leader>00925njm 22002777a 4500</leader>
   <datafield ind2=" " ind1=" " tag="042">
      <subfield code="a">dc</subfield>
   </datafield>
   <datafield ind2=" " ind1=" " tag="720">
      <subfield code="a">Marcillo Delgado, Juan Carlos</subfield>
      <subfield code="e">author</subfield>
   </datafield>
   <datafield ind2=" " ind1=" " tag="720">
      <subfield code="a">Álvarez García, Alicia</subfield>
      <subfield code="e">author</subfield>
   </datafield>
   <datafield ind2=" " ind1=" " tag="720">
      <subfield code="a">García Carrillo, Àgueda</subfield>
      <subfield code="e">author</subfield>
   </datafield>
   <datafield ind2=" " ind1=" " tag="260">
      <subfield code="c">2023-09-07</subfield>
   </datafield>
   <datafield ind2=" " ind1=" " tag="520">
      <subfield code="a">Risk and crisis communication (R&amp;CC) are crucial elements of managing vulnerability to big threats. This paper aims to explore the trends and contributions of scientific publications to R&amp;CC about South America. Through the examination of 330 papers listed in the Web of Science database, the current study conducted a thorough overview between 1998 (oldest study) and 2021 (cut-off date) of bibliometric networks (keyword co-occurrence map, co-authorship maps, and author co-citation map) and multivariate statistical models (principal component analysis, compositional linear model). We address main communication factors, links between communication factors and countries, main academic cooperation networks, determinants of publication trends, and most cited authors. 28 R&amp;CC factors were mapped and their relative importance to various hazards was examined. Most of these factors were intended to strengthen the communication system and increase risk knowledge of vulnerable people. Chile, Colombia, and Ecuador were mostly focused on strengthening R&amp;CC. Brazil and Argentina were best represented with health and exposure to pollutants communication. Publications on R&amp;CC are determined by the level of wealth, tourist arrivals, and the number of people affected by disasters. The compositional analysis revealed that the behavior of publications determinants could have opposite tendencies depending on the threats’ multidimensionality. To the best of our knowledge, this is the first R&amp;CC study on South America to use CoDA in a bibliometric analysis</subfield>
   </datafield>
   <datafield ind2=" " ind1=" " tag="520">
      <subfield code="a">Postprint (published version)</subfield>
   </datafield>
   <datafield tag="653" ind2=" " ind1=" ">
      <subfield code="a">Àrees temàtiques de la UPC::Desenvolupament humà i sostenible::Desenvolupament humà::Risc i vulnerabilitat</subfield>
   </datafield>
   <datafield tag="653" ind2=" " ind1=" ">
      <subfield code="a">Risk communication</subfield>
   </datafield>
   <datafield tag="653" ind2=" " ind1=" ">
      <subfield code="a">Risk communication</subfield>
   </datafield>
   <datafield tag="653" ind2=" " ind1=" ">
      <subfield code="a">Crisis communication</subfield>
   </datafield>
   <datafield tag="653" ind2=" " ind1=" ">
      <subfield code="a">Communication determinants</subfield>
   </datafield>
   <datafield tag="653" ind2=" " ind1=" ">
      <subfield code="a">Communication factors</subfield>
   </datafield>
   <datafield tag="653" ind2=" " ind1=" ">
      <subfield code="a">Bibliometric mapping</subfield>
   </datafield>
   <datafield tag="653" ind2=" " ind1=" ">
      <subfield code="a">Comunicació de risc</subfield>
   </datafield>
   <datafield ind2="0" ind1="0" tag="245">
      <subfield code="a">Bibliometric mapping of the trends and contributions of scientific publications to risk and crisis communication regarding South America</subfield>
   </datafield>
</record></metadata></record></GetRecord></OAI-PMH>